London in prime position to power up rest of UK (Record no. 83844)

MARC details
000 -LEADER
fixed length control field 01058cab a22001935a 4500
001 - CONTROL NUMBER
control field L155270
008 - FIXED-LENGTH DATA ELEMENTS--GENERAL INFORMATION
fixed length control field 120314e2012 xxk 000 0 eng d
035 ## - SYSTEM CONTROL NUMBER
System control number (Sirsi) u155270
041 0# - LANGUAGE CODE
Language code of text/sound track or separate title eng
110 2# - MAIN ENTRY--CORPORATE NAME
Corporate name or jurisdiction name as entry element Property Week
9 (RLIN) 1549
245 00 - TITLE STATEMENT
Title London in prime position to power up rest of UK
260 ## - PUBLICATION, DISTRIBUTION, ETC.
Date of publication, distribution, etc. 2012
490 #0 - SERIES STATEMENT
Series statement Property Week
Volume/sequential designation 78(10) 9 March 2012, 41(1)
520 ## - SUMMARY, ETC.
Summary, etc. Cushman & Wakefield's latest UK investment market briefing shows prime property yields unchanged in February 2012, averaging 5.75%, which is roughly in line with the 10-year average of 5.72%. Overall prime yields are still 133 basis points higher than pre-credit crunch but the scale of recovery varies significantly around the market with core sectors well ahead of the second tier and London ahead of the rest of the UK. Tables cover prime property comparative yields across all sectors from 2007- February 2012, and prime property yields by decades from 1950s to date.
590 ## - LOCAL NOTE (RLIN)
Local note KA
651 #4 - SUBJECT ADDED ENTRY--GEOGRAPHIC NAME
Geographic name United Kingdom
690 ## - LOCAL SUBJECT ADDED ENTRY--TOPICAL TERM (OCLC, RLIN)
Topical term or geographic name as entry element Commercial property
9 (RLIN) 6227
942 ## - ADDED ENTRY ELEMENTS (KOHA)
Suppress in OPAC 0
Holdings
Withdrawn status Lost status Source of classification or shelving scheme Damaged status Not for loan Home library Current library Shelving location Date acquired Total Checkouts Full call number Barcode Date last seen Price effective from Koha item type
    Dewey Decimal Classification     London London Journal article 14/03/2012   L155270 155270-1001 06/08/2019 06/08/2019 Journal